000 00325nam a2200145Ia 4500
008 230711s9999||||xx |||||||||||||| ||und||
041 _aENG
082 _a720
_bJU-U
100 _aJuan,Mascaro
245 4 _aThe upanishads
250 _a1st
260 _c1994
_aNew Delhi
_bPenguin Books
650 _aLiterature
942 _cBK
999 _c3231
_d3231